| 000 | 00748cab a2200217 4500 | ||
|---|---|---|---|
| 001 | WB3132-50 | ||
| 008 | 090401t1995 xxu||||| |||| 00| 0 eng d | ||
| 035 | _a(Sirsi) u57380 | ||
| 041 | _aeng | ||
| 245 | _aSimplified planning zones | ||
| 260 | _c1995 | ||
| 350 | _a0 | ||
| 490 |
_aScottish Office News Release _v(1012) 21 August 1995 (2) |
||
| 520 | _aStreamlined procedures for creating SPZs have been announced. Notably the holding of a public local enquiry will be discretionary rather than compulsory. Provisions come into force in Scotland 30 August 1995. | ||
| 650 | _aSCOTLAND | ||
| 650 | _aSIMPLIFIED PLANNING ZONES | ||
| 650 | _aURBAN REGENERATION | ||
| 690 | _aPLANNING LAW AND PRACTICE | ||
| 942 | _n0 | ||
| 948 | _c04/03/1997 | ||
| 999 |
_c34980 _d34980 |
||